Missing Word: Famous Scottish Things A-Z Quiz Stats

 Plays Quiz Updated Apr 6, 2019

Score 0/22 Timer 03:00
4 Plays Today
Hint Answer % Correct
Loch ____ Monster - legendary creatureNess
96.1%
United ____ - country that Scotland belongs toKingdom
95.3%
Atlantic ____ - body of water bordering West ScotlandOcean
94.6%
Auld ___ Syne - poem by Robert BurnsLang
92.3%
____ Wallace - Scottish heroWilliam
88.2%
Scots ____ - national tree of ScotlandPine
81.2%
____ Games - sporting celebration of Scottish cultureHighland
80.1%
Saint ____ Day - celebrated on 30th NovemberAndrew's
77.2%
____ Festival Fringe - annual arts festival in AugustEdinburgh
75.8%
____ Nevis - highest mountain in British IslesBen
73.7%
New ____ - known as Hogmanay in ScotlandYear
70.6%
Hint Answer % Correct
The Prime of ____ Jean Brodie - Muriel Spark novelMiss
70.3%
Gretna ____ - town famous as a wedding venue for elopementsGreen
69.4%
____ Logie-Baird - inventor of televisionJohn
69.2%
Edinburgh ____ - second most popular tourist attractionZoo
69%
____ Football Club - Glasgow-based teamCeltic
68.2%
____ Hume - enlightenment philosopherDavid
68.2%
____-Bru - carbonated orange-coloured soft drinkIrn
62.8%
Arthur's ____ - peak in central EdinburghSeat
53.9%
____ of Scotland - song sung at sporting eventsFlower
51.7%
Charles ____ Mackintosh - Scottish architect and designerRennie
40.6%
____ Day - celebration of Scottish culture in US/Canada on April 6thTartan
32.4%

Today's Daily Dose

Missing Word
Video Games (A-Z)

Get the Picture
Tom Hanks

You're not logged in!

Compare scores with friends on all Sporcle quizzes.
OR
Log In

Sporcle TV

Today on Sporcle TV


Watch our educational content, quiz creation guides, and fun videos on Sporcle TV.

Show Comments

Extras

Top Quizzes Today


Score Distribution

Your Account Isn't Verified!

In order to create a playlist on Sporcle, you need to verify the email address you used during registration. Go to your Sporcle Settings to finish the process.

Report this User

Report this user for behavior that violates our Community Guidelines.

Details: